The Trump White House : (Record no. 113442)

MARC details
000 -LEADER
campo de control de longitud fija 02247cam a2200445 i 4500
001 - NÚMERO DE CONTROL
campo de control 20417224
003 - IDENTIFICADOR DE NÚMERO DE CONTROL
campo de control BJBSDDR
005 - FECHA Y HORA DE LA ÚLTIMA TRANSACCIÓN
campo de control 20230411090606.0
007 - CAMPO FIJO DE DESCRIPCIÓN FÍSICA--INFORMACIÓN GENERAL
campo de control de longitud fija ta
008 - DATOS DE LONGITUD FIJA--INFORMACIÓN GENERAL
campo de control de longitud fija 180323s2018 nyua 001 0beng
010 ## - NÚMERO DE CONTROL DE LA BIBLIOTECA DEL CONGRESO
Número de control de LC 2018012432
020 ## - NÚMERO INTERNACIONAL ESTÁNDAR DEL LIBRO
Número Internacional Estándar del Libro 9780525575719 (hbk.)
020 ## - NÚMERO INTERNACIONAL ESTÁNDAR DEL LIBRO
ISBN cancelado o inválido 0525575715 (hbk.)
040 ## - FUENTE DE CATALOGACIÓN
Centro catalogador/agencia de origen DLC
Lengua de catalogación spa
Normas de descripción rda
Centro/agencia transcriptor DLC
Centro/agencia modificador DLC
041 ## - CÓDIGO DE IDIOMA
Código de lengua del texto/banda sonora o título independiente eng
042 ## - CÓDIGO DE AUTENTICACIÓN
Código de autenticación pcc
043 ## - CÓDIGO DE ÁREA GEOGRÁFICA
Código de área geográfica n-us---
050 00 - SIGNATURA TOPOGRÁFICA DE LA BIBLIOTECA DEL CONGRESO
Número de clasificación 002 E 912
Número de ítem K42t 2018
082 00 - NÚMERO DE LA CLASIFICACIÓN DECIMAL DEWEY
Número de clasificación 973.933092
-- B
Número de edición 23
100 1# - ENTRADA PRINCIPAL--NOMBRE DE PERSONA
Nombre de persona Kessler, Ronald,
Fechas asociadas al nombre 1943-
9 (RLIN) 9059
245 14 - MENCIÓN DEL TÍTULO
Título The Trump White House :
Resto del título changing the rules of the game /
Mención de responsabilidad, etc. Ronald Kessler.
250 ## - MENCION DE EDICION
Mención de edición First edition.
264 #1 - PRODUCCIÓN, PUBLICACIÓN, DISTRIBUCIÓN, FABRICACIÓN Y COPYRIGHT
Producción, publicación, distribución, fabricación y copyright New York :
Nombre del de productor, editor, distribuidor, fabricante Crown Forum,
Fecha de producción, publicación, distribución, fabricación o copyright [2018]
300 ## - DESCRIPCIÓN FÍSICA
Extensión x, 289 pages :
Otras características físicas color illustrations ;
Dimensiones 25 cm
336 ## - TIPO DE CONTENIDO
Término de tipo de contenido text
Código de tipo de contenido txt
Fuente rdacontent
337 ## - TIPO DE MEDIO
Nombre/término del tipo de medio unmediated
Código del tipo de medio n
Fuente rdamedia
338 ## - TIPO DE SOPORTE
Nombre/término del tipo de soporte volume
Código del tipo de soporte nc
Fuente rdacarrier
500 ## - NOTA GENERAL
Nota general "Includes an exclusive interview with President Trump."--Jacket p. 1.
500 ## - NOTA GENERAL
Nota general Includes index.
505 0# - NOTA DE CONTENIDO CON FORMATO
Nota de contenido con formato The two faces of Donald Trump -- Life is a game -- Darkness is good -- Teflon aides -- Blueberry -- The real Trump -- Melania -- Scam artists -- Deal maker -- Winter White House -- Mogul -- Intrusion -- Mooch -- Access -- Hopester -- Socratic method -- Russia -- Special counsel -- Sovereignty -- Victim mentality -- Taking a knee -- Hair spray -- The red button -- Interview with the President -- Bravado.
520 ## - RESUMEN, ETC.
Sumario, etc. Presents an unstinting story of the forty-fifth president and the Trump White House, sharing insights into who influences the president, how he makes decisions, what he really thinks, and how he has navigated his successes and failures.
600 14 - PUNTO DE ACCESO ADICIONAL DE MATERIA--NOMBRE DE PERSONA
9 (RLIN) 4299
Nombre de persona Trump, Donald
Forma completa/desarrollada del nombre (Donald John),
Fechas asociadas al nombre 1946-
650 #4 - PUNTO DE ACCESO ADICIONAL DE MATERIA--TÉRMINO DE MATERIA
Término de materia o nombre geográfico como elemento de entrada Censura
Subdivisión general Historia
9 (RLIN) 8819
650 #4 - PUNTO DE ACCESO ADICIONAL DE MATERIA--TÉRMINO DE MATERIA
Término de materia o nombre geográfico como elemento de entrada Presidentes
9 (RLIN) 5624
Subdivisión geográfica Estados Unidos
651 #4 - PUNTO DE ACCESO ADICIONAL DE MATERIA--NOMBRE GEOGRÁFICO
9 (RLIN) 8020
Nombre geográfico Estados Unidos
Subdivisión general Política y gobierno
Subdivisión cronológica 2017-
776 08 - ENTRADA DE FORMULARIO FÍSICO ADICIONAL
Información de relación Online version:
Encabezamiento principal Kessler, Ronald, 1943- author.
Título Trump White House
Edición First edition.
Lugar, editor y fecha de publicación New York : Crown Forum, [2018]
Número Internacional Estándar del Libro 9780525575726
Número de control del registro (DLC) 2018024769
906 ## - ELEMENTOS DE DATOS F LOCAL, LDF (RLIN)
a 7
b rix
c orignew
d 1
e ecip
f 20
g y-gencatlg
942 ## - ELEMENTOS DE ENTRADA SECUNDARIOS (KOHA)
Fuente del sistema de clasificación o colocación Clasificación de Library of Congress
Tipo de ítem Koha Libro
Holdings
Estatus retirado Estado de pérdida Fuente del sistema de clasificación o colocación Estado de daño No para préstamo Colección Biblioteca de origen Biblioteca actual Ubicación en estantería Fecha de adquisición Signatura topográfica completa Código de barras Visto por última vez Copia número Tipo de ítem Koha
    Clasificación de Library of Congress     Recursos Regionales Biblioteca Juan Bosch Biblioteca Juan Bosch Recursos Regionales (2do. Piso) 17/10/2019 002 E 912 K42t 2018 00000140064 17/10/2019 1 Libro